| 000 | 00613nam a2200193 4500 | ||
|---|---|---|---|
| 008 | 160711b xxu||||| |||| 00| 0 eng d | ||
| 020 | _a8184480741 | ||
| 082 |
_22007 _aDC 610.73072 _bB29n |
||
| 100 |
_911127 _aBasavanthappa, BT |
||
| 245 |
_aNursing research/ _cBT Basavanthappa. |
||
| 250 | _a2nd Edition | ||
| 260 |
_aNew Delhi: _bJaypee Brothers Medical Publishers Ltd, _cc2007. |
||
| 300 |
_a574 pages; _c24 cm. |
||
| 500 | _aIncludes appendices and index. | ||
| 650 | 0 |
_911128 _aNursing _xResearch _xMethodology |
|
| 650 | 0 |
_911129 _aEvidence-based nursing |
|
| 365 |
_aPhp _b1, 400.00 |
||
| 942 |
_2ddc _cDC |
||
| 999 |
_c3341 _d3341 |
||